000 00413nam a22001697a 4500
005 20160521123521.0
008 160521b xxu||||| |||| 00| 0 eng d
020 _a978-81-317-0000-6
041 _aeng
082 _b3791
100 _aA.M. Natrajan P.Balasubramani A. Tanilarasi
_9961
245 _aOperations Research
260 _bPearsons
_c2008
300 _a730
650 _aManagement
_9241
942 _cBK
999 _c1310
_d1310